000 00515nam a22001817a 4500
005 20260520170623.0
010 _aENG-148567
020 _a9789350450994
_c250.00
035 _aEN-132099
037 _bDBAD
082 _aN
100 _aBanerji, Anindita
_989176
245 _aLife, Music, Action!/
_cAnindita Banerji
260 _aCalcutta
_bWriters Workshop
_c2015
270 _a162/92, Lake Gardens
_bCalcutta
_e700045
_mwww.writersworkshopindia.com
300 _a127p.
_c22cm(Hb)
942 _2ddc
_cEN
_mBAN
_hN
999 _c216319
_d216319